[Event "Russian Championship (Rapid, Men)"]
[Site "Sochi"]
[Date "2018.10.06"]
[Round "11.23"]
[White "Antipov, Mikhail Al."]
[Black "Kozak, Alexander"]
[Result "1/2-1/2"]
[BlackElo "2383"]
[WhiteElo "2642"]
[LiveChessVersion "1.4.8"]

1. e4 {[%clk 0:15:18]} c6 {[%clk 0:15:14]} 2. d4 {[%clk 0:15:27]} d5
{[%clk 0:15:24]} 3. e5 c5 4. dxc5 {[%clk 0:15:45]} e6 {[%clk 0:15:42]} 5. a3
{[%clk 0:15:53]} Bxc5 {[%clk 0:15:36]} 6. b4 {[%clk 0:16:03]} Bb6
{[%clk 0:15:45]} 7. Bd3 {[%clk 0:16:05]} Nc6 {[%clk 0:15:43]} 8. Nf3
{[%clk 0:16:14]} a5 {[%clk 0:15:21]} 9. b5 {[%clk 0:15:50]} Nxe5 {[%clk 0:14:56]}
10. Nxe5 {[%clk 0:15:59]} Bd4 {[%clk 0:15:04]} 11. Nxf7 {[%clk 0:16:07]} Qf6
{[%clk 0:15:13]} 12. O-O {[%clk 0:16:12]} Qxf7 {[%clk 0:13:06]} 13. Ra2
{[%clk 0:15:28]} e5 {[%clk 0:11:23]} 14. Be3 {[%clk 0:13:56]} Bxe3
{[%clk 0:11:08]} 15. fxe3 {[%clk 0:14:05]} Nf6 {[%clk 0:11:17]} 16. Nc3
{[%clk 0:10:23]} Be6 {[%clk 0:10:18]} 17. e4 {[%clk 0:07:13]} d4 {[%clk 0:08:56]}
18. Nd5 {[%clk 0:07:22]} Bxd5 {[%clk 0:08:54]} 19. exd5 {[%clk 0:07:31]} Qxd5
{[%clk 0:08:37]} 20. c4 {[%clk 0:06:49]} Qc5 {[%clk 0:06:34]} 21. Rxf6
{[%clk 0:04:47]} gxf6 {[%clk 0:06:40]} 22. Qg4 {[%clk 0:04:57]} Kf7
{[%clk 0:03:45]} 23. Rf2 {[%clk 0:04:51]} Rae8 {[%clk 0:02:38]} 24. Be4
{[%clk 0:04:21]} Rd8 {[%clk 0:01:52]} 25. Qg5 {[%clk 0:03:54]} Qe7
{[%clk 0:00:43]} 26. c5 {[%clk 0:02:15]} d3 {[%clk 0:00:39]} 27. Qh5+
{[%clk 0:02:24]} Kg7 {[%clk 0:00:43]} 28. Qg4+ {[%clk 0:01:45]} Kf8
{[%clk 0:00:38]} 29. Qh4 {[%clk 0:01:31]} Kg7 {[%clk 0:00:35]} 30. Qg3+
{[%clk 0:00:50]} Kf8 {[%clk 0:00:41]} 31. Bxd3 {[%clk 0:00:48]} Qxc5
{[%clk 0:00:46]} 32. h3 {[%clk 0:00:54]} Rd6 {[%clk 0:00:43]} 33. Kh2
{[%clk 0:00:54]} Qxa3 {[%clk 0:00:32]} 34. Rf3 {[%clk 0:00:33]} Qc5
{[%clk 0:00:26]} 35. Be4 {[%clk 0:00:15]} Qxb5 {[%clk 0:00:25]} 36. Rc3
{[%clk 0:00:15]} Re6 {[%clk 0:00:18]} 37. Qg4 {[%clk 0:00:15]} Re7
{[%clk 0:00:23]} 38. Rc8+ {[%clk 0:00:13]} Re8 {[%clk 0:00:32]} 39. Rc7
{[%clk 0:00:22]} Re7 {[%clk 0:00:35]} 40. Rxe7 {[%clk 0:00:17]} Kxe7
{[%clk 0:00:42]} 41. Qg7+ {[%clk 0:00:27]} Ke6 {[%clk 0:00:51]} 42. Qxh8
{[%clk 0:00:35]} Qd7 {[%clk 0:00:49]} 43. Qf8 {[%clk 0:00:27]} Qd4
{[%clk 0:00:45]} 44. Qc8+ {[%clk 0:00:33]} Kd6 {[%clk 0:00:53]} 45. Qb8+
{[%clk 0:00:29]} Kc5 {[%clk 0:00:52]} 46. Qc7+ {[%clk 0:00:34]} Kb4
{[%clk 0:01:01]} 47. Qxb7+ {[%clk 0:00:42]} Kc3 {[%clk 0:01:04]} 48. Qc7+
{[%clk 0:00:35]} Kb4 {[%clk 0:01:07]} 49. Qxh7 {[%clk 0:00:29]} a4
{[%clk 0:01:12]} 50. Qe7+ {[%clk 0:00:32]} Kb3 {[%clk 0:01:15]} 51. Qb7+
{[%clk 0:00:41]} Kc3 {[%clk 0:01:17]} 52. Qc6+ {[%clk 0:00:36]} Kb4
{[%clk 0:01:22]} 53. Bd5 {[%clk 0:00:17]} a3 {[%clk 0:01:06]} 54. Qd6+
{[%clk 0:00:22]} Ka4 {[%clk 0:01:09]} 55. Qd7+ {[%clk 0:00:20]} Kb4
{[%clk 0:01:16]} 56. Qb7+ {[%clk 0:00:28]} Kc5 {[%clk 0:01:21]} 57. Bf7
{[%clk 0:00:20]} Qf4+ {[%clk 0:01:12]} 58. g3 {[%clk 0:00:21]} Qd2+
{[%clk 0:01:15]} 59. Qg2 {[%clk 0:00:30]} Qb2 {[%clk 0:01:14]} 60. h4
{[%clk 0:00:29]} e4 {[%clk 0:01:23]} 61. Kh3 {[%clk 0:00:31]} f5 {[%clk 0:01:28]}
62. Qg1+ {[%clk 0:00:38]} Kd6 {[%clk 0:01:33]} 63. Qf1 {[%clk 0:00:20]} Ke5
{[%clk 0:00:56]} 64. Qa6 {[%clk 0:00:16]} e3 {[%clk 0:00:41]} 65. Qe6+
{[%clk 0:00:16]} Kd4 {[%clk 0:00:50]} 66. Qf6+ {[%clk 0:00:23]} Ke4
{[%clk 0:00:47]} 67. Qc6+ {[%clk 0:00:27]} Kd3 {[%clk 0:00:50]} 68. Qd5+
{[%clk 0:00:25]} Kc3 {[%clk 0:00:54]} 69. Qa5+ {[%clk 0:00:25]} Qb4
{[%clk 0:00:54]} 70. Qxf5 {[%clk 0:00:13]} e2 {[%clk 0:00:56]} 71. Qf2
{[%clk 0:00:16]} Kd2 {[%clk 0:01:02]} 72. Bh5 {[%clk 0:00:19]} Qe4
{[%clk 0:01:05]} 73. Bxe2 {[%clk 0:00:14]} Qxe2 {[%clk 0:01:12]} 74. Qc5
{[%clk 0:00:13]} Qe6+ {[%clk 0:01:09]} 75. Kh2 {[%clk 0:00:13]} a2
{[%clk 0:01:13]} 76. Qa5+ {[%clk 0:00:11]} Kc2 {[%clk 0:01:19]} 77. Qc5+
{[%clk 0:00:18]} Kb3 {[%clk 0:01:23]} 78. Qb5+ {[%clk 0:00:23]} Kc3
{[%clk 0:01:28]} 79. Qa5+ {[%clk 0:00:31]} Kb2 {[%clk 0:01:32]} 80. Qd2+
{[%clk 0:00:38]} Ka3 {[%clk 0:01:41]} 81. Qc1+ {[%clk 0:00:35]} Ka4
{[%clk 0:01:46]} 82. Qf4+ {[%clk 0:00:15]} Kb5 {[%clk 0:01:52]} 83. Qb8+
{[%clk 0:00:14]} Kc4 {[%clk 0:01:52]} 84. Qb2 {[%clk 0:00:20]} Kd3
{[%clk 0:01:54]} 85. Qa3+ {[%clk 0:00:22]} Kc2 {[%clk 0:01:57]} 86. Qc5+
{[%clk 0:00:30]} Kd3 {[%clk 0:02:01]} 87. Qa3+ {[%clk 0:00:38]} Ke4
{[%clk 0:02:03]} 88. h5 {[%clk 0:00:21]} Qc4 {[%clk 0:02:03]} 89. Qb2
{[%clk 0:00:18]} Kd3 {[%clk 0:01:56]} 90. Kh3 {[%clk 0:00:16]} Qe6+
{[%clk 0:01:48]} 91. Kh4 {[%clk 0:00:16]} Qe7+ {[%clk 0:01:31]} 92. Kh3
{[%clk 0:00:17]} Qe6+ {[%clk 0:01:19]} 93. Kh4 {[%clk 0:00:25]} Qe7+
{[%clk 0:01:15]} 94. Kh3 {[%clk 0:00:34]} Qe2 {[%clk 0:01:23]} 95. Qa3+
{[%clk 0:00:28]} Kd4 {[%clk 0:01:23]} 96. Qd6+ {[%clk 0:00:37]} Kc3
{[%clk 0:01:32]} 97. Qa3+ {[%clk 0:00:46]} Kd4 {[%clk 0:01:37]} 98. Qd6+
{[%clk 0:00:55]} Ke3 {[%clk 0:01:43]} 99. Qb6+ {[%clk 0:00:51]} Kd2
{[%clk 0:01:38]} 100. Qb2+ {[%clk 0:00:50]} Ke1 {[%clk 0:01:39]} 101. Qa1+
{[%clk 0:00:59]} Kf2 {[%clk 0:01:47]} 102. Qd4+ {[%clk 0:00:56]} Qe3
{[%clk 0:01:05]} 103. Qb2+ {[%clk 0:01:04]} Qe2 {[%clk 0:01:14]} 104. Qd4+
{[%clk 0:01:11]} Kf1 {[%clk 0:01:11]} 105. Qa1+ {[%clk 0:01:19]} Kf2
{[%clk 0:01:17]} 106. Qd4+ {[%clk 0:01:29]} Ke1 {[%clk 0:01:15]} 107. Qa1+
{[%clk 0:01:37]} Kf2 {[%clk 0:01:14]} 108. Qd4+ {[%clk 0:01:46]} Qe3
{[%clk 0:01:22]} 109. Qb2+ {[%clk 0:01:54]} 1/2-1/2

[Event "Russian Championship (Rapid, Men)"]
[Site "Sochi"]
[Date "2018.10.06"]
[Round "11.24"]
[White "Bykov, Oleg"]
[Black "Yuffa, Daniil"]
[Result "0-1"]
[BlackElo "2625"]
[WhiteElo "2396"]
[LiveChessVersion "1.4.8"]

1. d4 {[%clk 0:15:18]} Nf6 {[%clk 0:15:19]} 2. c4 {[%clk 0:15:26]} g6
{[%clk 0:15:27]} 3. Nc3 {[%clk 0:15:35]} Bg7 {[%clk 0:15:36]} 4. e4
{[%clk 0:15:43]} d6 {[%clk 0:15:45]} 5. Nf3 {[%clk 0:15:52]} O-O {[%clk 0:15:53]}
6. Be2 {[%clk 0:16:00]} e5 {[%clk 0:16:02]} 7. O-O {[%clk 0:16:08]} Nc6
{[%clk 0:16:11]} 8. d5 {[%clk 0:16:17]} Ne7 {[%clk 0:16:19]} 9. Ne1
{[%clk 0:16:25]} Nd7 {[%clk 0:16:28]} 10. Be3 {[%clk 0:16:34]} f5
{[%clk 0:16:37]} 11. f3 {[%clk 0:16:42]} f4 {[%clk 0:16:46]} 12. Bf2
{[%clk 0:16:51]} g5 {[%clk 0:16:54]} 13. Nd3 {[%clk 0:16:59]} Nf6
{[%clk 0:17:03]} 14. c5 {[%clk 0:17:07]} Ng6 {[%clk 0:17:12]} 15. Rc1
{[%clk 0:17:15]} Rf7 {[%clk 0:17:07]} 16. Kh1 {[%clk 0:17:23]} Bf8
{[%clk 0:16:59]} 17. Rg1 {[%clk 0:17:09]} Rg7 {[%clk 0:16:24]} 18. g3
{[%clk 0:15:49]} fxg3 {[%clk 0:16:25]} 19. Rxg3 {[%clk 0:14:56]} Nh5
{[%clk 0:16:20]} 20. Rg1 {[%clk 0:15:05]} Ngf4 {[%clk 0:16:22]} 21. Nxf4
{[%clk 0:15:04]} Nxf4 {[%clk 0:16:30]} 22. Be3 {[%clk 0:14:13]} dxc5
{[%clk 0:16:25]} 23. Bxf4 {[%clk 0:13:55]} gxf4 {[%clk 0:15:21]} 24. Rxg7+
{[%clk 0:14:03]} Kxg7 {[%clk 0:15:20]} 25. Qg1+ {[%clk 0:13:41]} Kh8
{[%clk 0:15:28]} 26. Qg2 {[%clk 0:13:42]} Bd6 {[%clk 0:14:55]} 27. Rg1
{[%clk 0:12:54]} Qf8 {[%clk 0:15:04]} 28. Bb5 {[%clk 0:10:25]} a6
{[%clk 0:14:40]} 29. Be8 {[%clk 0:10:33]} c4 {[%clk 0:13:36]} 30. Qg5
{[%clk 0:08:37]} Bg4 {[%clk 0:12:26]} 31. Qxg4 {[%clk 0:07:11]} Rxe8
{[%clk 0:12:32]} 32. Qd7 {[%clk 0:07:17]} Ra8 {[%clk 0:10:17]} 33. Rg5
{[%clk 0:06:06]} Qf6 {[%clk 0:09:34]} 34. h4 {[%clk 0:04:02]} Rg8
{[%clk 0:08:51]} 35. Rxg8+ {[%clk 0:04:02]} Kxg8 {[%clk 0:08:59]} 36. Qg4+
{[%clk 0:03:52]} Qg6 {[%clk 0:08:01]} 37. Qc8+ {[%clk 0:03:22]} Kg7
{[%clk 0:07:54]} 38. Ne2 {[%clk 0:03:31]} Qf6 {[%clk 0:06:35]} 39. Qg4+
{[%clk 0:02:05]} Kf8 {[%clk 0:06:44]} 40. Kh2 {[%clk 0:01:38]} Be7
{[%clk 0:06:11]} 41. Kh3 {[%clk 0:01:47]} b5 {[%clk 0:05:51]} 42. a3
{[%clk 0:01:48]} h6 {[%clk 0:05:45]} 43. Nc3 {[%clk 0:01:45]} Ke8
{[%clk 0:05:42]} 44. d6 {[%clk 0:00:48]} Qxd6 {[%clk 0:05:29]} 45. Qc8+
{[%clk 0:00:26]} Bd8 {[%clk 0:05:13]} 46. Kh2 {[%clk 0:00:15]} Qd2+
{[%clk 0:05:13]} 47. Kh3 {[%clk 0:00:23]} Qd7+ {[%clk 0:05:14]} 48. Qxd7+
{[%clk 0:00:24]} Kxd7 {[%clk 0:05:23]} 49. Kg4 {[%clk 0:00:33]} Ke6
{[%clk 0:05:10]} 50. Nd5 {[%clk 0:00:37]} a5 {[%clk 0:04:55]} 51. Nc3
{[%clk 0:00:24]} b4 {[%clk 0:04:47]} 52. axb4 {[%clk 0:00:33]} axb4
{[%clk 0:04:57]} 53. Nd5 {[%clk 0:00:39]} c5 {[%clk 0:04:53]} 54. Kh3
{[%clk 0:00:35]} h5 {[%clk 0:04:58]} 0-1

[Event "Russian Championship (Rapid, Men)"]
[Site "Sochi"]
[Date "2018.10.06"]
[Round "11.25"]
[White "Iljiushenok, Ilia"]
[Black "Gogolev, Artem"]
[Result "1/2-1/2"]
[BlackElo "2375"]
[WhiteElo "2611"]
[LiveChessVersion "1.4.8"]

1. e4 {[%clk 0:15:18]} c6 {[%clk 0:15:18]} 2. d4 {[%clk 0:15:27]} d5
{[%clk 0:15:27]} 3. exd5 {[%clk 0:15:36]} cxd5 {[%clk 0:15:35]} 4. Bd3
{[%clk 0:15:45]} Nc6 {[%clk 0:15:40]} 5. c3 {[%clk 0:15:54]} Nf6 {[%clk 0:15:47]}
6. h3 {[%clk 0:16:03]} g6 {[%clk 0:15:16]} 7. Nf3 {[%clk 0:16:11]} Bg7
{[%clk 0:15:19]} 8. O-O {[%clk 0:16:19]} O-O {[%clk 0:15:27]} 9. Bf4
{[%clk 0:16:28]} Ne8 {[%clk 0:15:04]} 10. Re1 {[%clk 0:15:29]} Nd6
{[%clk 0:15:10]} 11. Ne5 {[%clk 0:15:36]} Bf5 {[%clk 0:14:52]} 12. Bf1
{[%clk 0:15:45]} Re8 {[%clk 0:14:09]} 13. g4 {[%clk 0:14:10]} Bxb1
{[%clk 0:13:01]} 14. Rxb1 {[%clk 0:14:10]} e6 {[%clk 0:13:09]} 15. Nd3
{[%clk 0:13:45]} b5 {[%clk 0:12:07]} 16. b4 {[%clk 0:10:47]} a5 {[%clk 0:11:06]}
17. a4 {[%clk 0:10:49]} axb4 {[%clk 0:09:15]} 18. Bxd6 {[%clk 0:10:57]} Qxd6
{[%clk 0:09:16]} 19. axb5 {[%clk 0:11:06]} bxc3 {[%clk 0:07:42]} 20. bxc6
{[%clk 0:11:14]} Qxc6 {[%clk 0:07:47]} 21. Nb4 {[%clk 0:09:06]} Qd6
{[%clk 0:07:53]} 22. Qd3 {[%clk 0:07:45]} Rec8 {[%clk 0:07:46]} 23. Nc2
{[%clk 0:07:47]} Ra4 {[%clk 0:06:33]} 24. Rb3 {[%clk 0:07:29]} Qf4
{[%clk 0:03:56]} 25. Rd1 {[%clk 0:06:56]} Bxd4 {[%clk 0:03:16]} 26. Nxd4
{[%clk 0:06:01]} Rxd4 {[%clk 0:03:22]} 27. Rxc3 {[%clk 0:06:06]} Rdc4
{[%clk 0:01:42]} 28. Rxc4 {[%clk 0:05:45]} Rxc4 {[%clk 0:01:47]} 29. Qd2
{[%clk 0:04:36]} Qxd2 {[%clk 0:01:52]} 30. Rxd2 {[%clk 0:04:45]} Rf4
{[%clk 0:01:56]} 31. Kg2 {[%clk 0:04:52]} g5 {[%clk 0:02:02]} 32. Kg3
{[%clk 0:04:55]} Kg7 {[%clk 0:02:10]} 33. Rb2 {[%clk 0:04:51]} h6
{[%clk 0:02:07]} 34. Be2 {[%clk 0:05:00]} Ra4 {[%clk 0:02:14]} 35. Rb7
{[%clk 0:05:04]} Rf4 {[%clk 0:02:22]} 36. Bd3 {[%clk 0:05:00]} Rf6
{[%clk 0:02:31]} 37. Rb4 {[%clk 0:04:58]} Kg8 {[%clk 0:01:36]} 38. f3
{[%clk 0:05:07]} Kg7 {[%clk 0:01:44]} 39. Be2 {[%clk 0:04:41]} Kg8
{[%clk 0:01:51]} 40. h4 {[%clk 0:04:43]} Kg7 {[%clk 0:01:59]} 41. h5
{[%clk 0:04:27]} Kg8 {[%clk 0:01:42]} 42. Bd3 {[%clk 0:04:36]} Kg7
{[%clk 0:01:51]} 43. Ra4 {[%clk 0:04:43]} Kg8 {[%clk 0:01:58]} 44. Kf2
{[%clk 0:04:39]} Kg7 {[%clk 0:01:25]} 45. Ke3 {[%clk 0:04:48]} Kg8
{[%clk 0:01:33]} 46. Be2 {[%clk 0:04:29]} Kg7 {[%clk 0:01:41]} 47. Rd4
{[%clk 0:04:37]} Kg8 {[%clk 0:01:49]} 48. Kd3 {[%clk 0:04:44]} Kf8
{[%clk 0:01:57]} 49. Kc3 {[%clk 0:04:53]} Ke7 {[%clk 0:02:03]} 50. Ra4
{[%clk 0:04:49]} Kd6 {[%clk 0:01:06]} 51. Kd3 {[%clk 0:04:51]} Ke7
{[%clk 0:01:06]} 52. Kc3 {[%clk 0:04:42]} Kf8 {[%clk 0:01:12]} 53. Kd2
{[%clk 0:04:44]} Ke7 {[%clk 0:01:17]} 54. Ke3 {[%clk 0:04:24]} Kf8
{[%clk 0:01:21]} 55. Bd3 {[%clk 0:04:31]} Kg7 {[%clk 0:01:25]} 56. Bb5
{[%clk 0:04:35]} Kf8 {[%clk 0:01:33]} 57. Be2 {[%clk 0:04:42]} Kg7
{[%clk 0:01:36]} 58. Kd2 {[%clk 0:04:17]} Kf8 {[%clk 0:01:44]} 59. Rb4
{[%clk 0:04:26]} Kg7 {[%clk 0:01:52]} 60. Kd3 {[%clk 0:03:21]} Kf8
{[%clk 0:02:00]} 61. Kc3 {[%clk 0:03:30]} Ke7 {[%clk 0:01:14]} 62. Rb8
{[%clk 0:03:37]} Kd6 {[%clk 0:01:22]} 63. Kd4 {[%clk 0:03:32]} Rf4+
{[%clk 0:00:56]} 64. Ke3 {[%clk 0:03:41]} Ke5 {[%clk 0:00:41]} 65. Bd3
{[%clk 0:03:44]} Rf6 {[%clk 0:00:13]} 66. Rh8 {[%clk 0:01:11]} Kd6
{[%clk 0:00:22]} 67. Bb5 {[%clk 0:01:15]} Ke5 {[%clk 0:00:20]} 68. Bd3
{[%clk 0:00:45]} Kd6 {[%clk 0:00:28]} 69. Ra8 {[%clk 0:00:48]} Rf4
{[%clk 0:00:32]} 70. Rb8 {[%clk 0:00:52]} Ke7 {[%clk 0:00:39]} 71. Rh8
{[%clk 0:00:55]} Rf6 {[%clk 0:00:21]} 72. Bb5 {[%clk 0:00:48]} Kd6
{[%clk 0:00:28]} 73. Rd8+ {[%clk 0:00:48]} Ke7 {[%clk 0:00:35]} 74. Rh8
{[%clk 0:00:55]} Kd6 {[%clk 0:00:42]} 75. Ba4 {[%clk 0:00:52]} Ke7
{[%clk 0:00:48]} 76. Bc6 {[%clk 0:00:59]} Kd6 {[%clk 0:00:56]} 77. Bb5
{[%clk 0:01:09]} Ke7 {[%clk 0:01:01]} 78. Re8+ {[%clk 0:01:01]} Kd6
{[%clk 0:01:09]} 79. Bd3 {[%clk 0:01:05]} Kd7 {[%clk 0:01:13]} 80. Ra8
{[%clk 0:00:46]} Rf4 {[%clk 0:01:04]} 81. Be2 {[%clk 0:00:54]} Ke7
{[%clk 0:01:12]} 82. Rh8 {[%clk 0:01:03]} Kf6 {[%clk 0:01:16]} 83. Bd3
{[%clk 0:01:06]} Kg7 {[%clk 0:01:18]} 84. Rb8 {[%clk 0:00:21]} Ra4
{[%clk 0:01:19]} 85. Rb1 {[%clk 0:00:19]} Rf4 {[%clk 0:01:26]} 86. Ra1
{[%clk 0:00:19]} Kf6 {[%clk 0:01:29]} 87. Bc2 {[%clk 0:00:27]} Rc4
{[%clk 0:01:20]} 88. Ra2 {[%clk 0:00:36]} Kg7 {[%clk 0:01:18]} 89. Bd1
{[%clk 0:00:32]} Rf4 {[%clk 0:00:40]} 90. Ra4 {[%clk 0:00:41]} Rf6
{[%clk 0:00:49]} 91. Be2 {[%clk 0:00:36]} Kg8 {[%clk 0:00:57]} 92. Bd3
{[%clk 0:00:44]} Kf8 {[%clk 0:01:05]} 93. f4 {[%clk 0:00:29]} Rxf4
{[%clk 0:01:06]} 94. Rxf4 {[%clk 0:00:37]} gxf4+ {[%clk 0:01:15]} 95. Kxf4
{[%clk 0:00:46]} f6 {[%clk 0:01:04]} 96. Bh7 {[%clk 0:00:44]} Kg7
{[%clk 0:01:05]} 97. Bg6 {[%clk 0:00:52]} f5 {[%clk 0:01:09]} 98. gxf5
{[%clk 0:00:19]} exf5 {[%clk 0:01:17]} 99. Kxf5 {[%clk 0:00:27]} Kh8
{[%clk 0:01:25]} 100. Ke4 1/2-1/2

[Event "Russian Championship (Rapid, Men)"]
[Site "Sochi"]
[Date "2018.10.06"]
[Round "11.27"]
[White "Yashmetov, Mikhail"]
[Black "Vastrukhin, Oleg"]
[Result "1-0"]
[BlackElo "2574"]
[WhiteElo "2370"]
[LiveChessVersion "1.4.8"]

1. Nf3 {[%clk 0:15:19]} g6 {[%clk 0:15:19]} 2. g3 {[%clk 0:15:25]} Bg7
{[%clk 0:15:28]} 3. d4 {[%clk 0:15:34]} c5 {[%clk 0:15:14]} 4. c3
{[%clk 0:15:34]} Nf6 {[%clk 0:15:16]} 5. Bg2 {[%clk 0:15:41]} O-O
{[%clk 0:15:24]} 6. O-O {[%clk 0:15:48]} cxd4 {[%clk 0:15:31]} 7. cxd4
{[%clk 0:15:57]} d5 {[%clk 0:15:40]} 8. Ne5 {[%clk 0:16:05]} Nc6 {[%clk 0:15:50]}
9. Nxc6 {[%clk 0:16:14]} bxc6 {[%clk 0:15:59]} 10. Nc3 {[%clk 0:16:18]} Bf5
{[%clk 0:16:06]} 11. Bf4 {[%clk 0:16:08]} Rc8 {[%clk 0:16:12]} 12. Na4
{[%clk 0:16:09]} Nd7 {[%clk 0:16:20]} 13. Rc1 {[%clk 0:16:09]} Re8
{[%clk 0:16:08]} 14. b3 {[%clk 0:16:00]} e5 {[%clk 0:16:12]} 15. dxe5
{[%clk 0:16:07]} Nxe5 {[%clk 0:16:20]} 16. Be3 {[%clk 0:15:56]} Qe7
{[%clk 0:16:15]} 17. Bc5 {[%clk 0:15:59]} Qd7 {[%clk 0:16:21]} 18. Bd4
{[%clk 0:16:05]} h5 {[%clk 0:16:29]} 19. Qd2 {[%clk 0:15:59]} h4 {[%clk 0:16:27]}
20. Qb2 {[%clk 0:15:58]} h3 {[%clk 0:16:27]} 21. Bh1 {[%clk 0:16:04]} f6
{[%clk 0:16:27]} 22. Rfd1 {[%clk 0:15:41]} Qe7 {[%clk 0:16:34]} 23. Re1
{[%clk 0:13:50]} Kh7 {[%clk 0:16:30]} 24. Qc3 {[%clk 0:12:56]} g5
{[%clk 0:15:18]} 25. Nc5 {[%clk 0:12:05]} Qf7 {[%clk 0:14:18]} 26. Rcd1
{[%clk 0:12:02]} g4 {[%clk 0:13:48]} 27. e4 {[%clk 0:08:39]} dxe4
{[%clk 0:10:56]} 28. Nxe4 {[%clk 0:08:43]} Rcd8 {[%clk 0:10:49]} 29. Bxe5
{[%clk 0:08:32]} Rxd1 {[%clk 0:10:46]} 30. Rxd1 {[%clk 0:08:37]} Qe6
{[%clk 0:09:26]} 31. Nxf6+ {[%clk 0:04:20]} Bxf6 {[%clk 0:09:35]} 32. Bxf6
{[%clk 0:04:29]} Be4 {[%clk 0:08:39]} 33. Bxe4+ {[%clk 0:02:40]} Qxe4
{[%clk 0:08:44]} 34. Rd7+ {[%clk 0:02:48]} Kg6 {[%clk 0:06:38]} 35. Rg7+
{[%clk 0:02:56]} Kf5 {[%clk 0:06:14]} 36. Rg5+ {[%clk 0:02:57]} Ke6
{[%clk 0:06:23]} 37. Re5+ {[%clk 0:03:00]} 1-0

[Event "Russian Championship (Rapid, Men)"]
[Site "Sochi"]
[Date "2018.10.06"]
[Round "11.30"]
[White "Slavin, Alexey"]
[Black "Gordievsky, Dmitry"]
[Result "1/2-1/2"]
[BlackElo "2498"]
[WhiteElo "2368"]
[LiveChessVersion "1.4.8"]

1. d4 {[%clk 0:15:17]} f5 {[%clk 0:15:19]} 2. Bg5 {[%clk 0:15:24]} h6
{[%clk 0:15:07]} 3. Bh4 {[%clk 0:15:33]} g5 {[%clk 0:15:16]} 4. e3
{[%clk 0:15:14]} Nf6 {[%clk 0:15:21]} 5. Bg3 {[%clk 0:15:16]} Bg7
{[%clk 0:14:48]} 6. c4 {[%clk 0:15:24]} d6 {[%clk 0:14:50]} 7. Nc3
{[%clk 0:15:31]} Nc6 {[%clk 0:14:33]} 8. d5 {[%clk 0:15:29]} Ne5 {[%clk 0:14:26]}
9. f4 {[%clk 0:14:37]} Nf7 {[%clk 0:14:16]} 10. Bd3 {[%clk 0:14:20]} e5
{[%clk 0:14:00]} 11. dxe6 {[%clk 0:14:20]} Bxe6 {[%clk 0:14:09]} 12. Qc2
{[%clk 0:13:53]} Qd7 {[%clk 0:14:11]} 13. Nf3 {[%clk 0:12:23]} Ng4
{[%clk 0:13:54]} 14. h3 {[%clk 0:11:05]} Nf6 {[%clk 0:12:43]} 15. Nd4
{[%clk 0:11:09]} Nh5 {[%clk 0:12:20]} 16. Nxf5 {[%clk 0:09:15]} Bxc3+
{[%clk 0:12:28]} 17. bxc3 {[%clk 0:09:13]} Bxf5 {[%clk 0:11:33]} 18. Bxf5
{[%clk 0:09:21]} Qe7 {[%clk 0:11:43]} 19. Bf2 {[%clk 0:08:17]} Nxf4
{[%clk 0:09:05]} 20. O-O {[%clk 0:08:00]} Ne6 {[%clk 0:09:13]} 21. Rab1
{[%clk 0:06:40]} Nc5 {[%clk 0:08:06]} 22. e4 {[%clk 0:06:40]} O-O
{[%clk 0:08:02]} 23. Bxc5 {[%clk 0:05:16]} dxc5 {[%clk 0:08:10]} 24. Rxb7
{[%clk 0:05:16]} Nd6 {[%clk 0:06:44]} 25. Rbb1 {[%clk 0:05:24]} Kh8
{[%clk 0:06:04]} 26. Qa4 {[%clk 0:04:10]} Qe8 {[%clk 0:02:53]} 27. Qa6
{[%clk 0:03:10]} Rf6 {[%clk 0:02:55]} 28. Rbe1 {[%clk 0:02:23]} Qe5
{[%clk 0:01:37]} 29. Qc6 {[%clk 0:02:25]} Re8 {[%clk 0:01:36]} 30. Qxc7
{[%clk 0:02:09]} Re7 {[%clk 0:01:45]} 31. Qb8+ {[%clk 0:01:26]} Kg7
{[%clk 0:00:53]} 32. Rd1 {[%clk 0:01:35]} Qg3 {[%clk 0:00:12]} 33. Qd8
{[%clk 0:01:12]} Nxf5 {[%clk 0:00:12]} 34. exf5 {[%clk 0:00:14]} Ref7
{[%clk 0:00:14]} 35. Rd3 {[%clk 0:00:12]} Qe5 {[%clk 0:00:19]} 36. Qd5
{[%clk 0:00:16]} Rxf5 {[%clk 0:00:12]} 37. Rxf5 {[%clk 0:00:11]} Qxf5
{[%clk 0:00:13]} 38. Qxf5 {[%clk 0:00:19]} Rxf5 {[%clk 0:00:22]} 39. Rd7+
{[%clk 0:00:28]} Rf7 {[%clk 0:00:32]} 40. Rd5 {[%clk 0:00:30]} Rc7
{[%clk 0:00:36]} 41. Rd6 {[%clk 0:00:18]} h5 {[%clk 0:00:25]} 42. Ra6
{[%clk 0:00:25]} h4 {[%clk 0:00:22]} 43. Kf2 {[%clk 0:00:33]} Rf7+
{[%clk 0:00:21]} 44. Ke2 {[%clk 0:00:41]} Rf6 {[%clk 0:00:19]} 45. Rxa7+
{[%clk 0:00:39]} Kg6 {[%clk 0:00:29]} 46. Ra5 {[%clk 0:00:16]} Rc6
{[%clk 0:00:31]} 47. Rb5 {[%clk 0:00:22]} Ra6 {[%clk 0:00:39]} 48. Rxc5
{[%clk 0:00:16]} Rxa2+ {[%clk 0:00:48]} 49. Kf3 {[%clk 0:00:21]} Rc2
{[%clk 0:00:57]} 50. Rc6+ {[%clk 0:00:20]} Kf5 {[%clk 0:01:05]} 51. Rc5+
{[%clk 0:00:28]} Kg6 {[%clk 0:01:13]} 52. Rc6+ {[%clk 0:00:28]} Kf5
{[%clk 0:01:22]} 53. g4+ {[%clk 0:00:18]} hxg3 {[%clk 0:00:38]} 54. Rc5+
{[%clk 0:00:27]} Kf6 {[%clk 0:00:48]} 55. Kxg3 {[%clk 0:00:30]} Rc1
{[%clk 0:00:57]} 56. Kg4 {[%clk 0:00:14]} Rg1+ {[%clk 0:01:05]} 57. Kf3
{[%clk 0:00:12]} Rc1 {[%clk 0:01:13]} 58. Ke4 {[%clk 0:00:17]} Rxc3
{[%clk 0:01:18]} 59. Rc6+ {[%clk 0:00:24]} Ke7 {[%clk 0:01:24]} 60. Kf5
{[%clk 0:00:25]} Rxh3 {[%clk 0:01:29]} 61. Kxg5 {[%clk 0:00:33]} Rf3
{[%clk 0:01:36]} 1/2-1/2

[Event "Russian Championship (Rapid, Men)"]
[Site "Sochi"]
[Date "2018.10.06"]
[Round "11.33"]
[White "Stambulian, Arsen"]
[Black "Kozionov, Kirill"]
[Result "0-1"]
[BlackElo "2475"]
[WhiteElo "2302"]
[LiveChessVersion "1.4.8"]

1. c4 {[%clk 0:15:19]} e5 {[%clk 0:15:17]} 2. Nc3 {[%clk 0:15:26]} Nf6
{[%clk 0:15:25]} 3. Nf3 {[%clk 0:15:32]} Nc6 {[%clk 0:15:34]} 4. g3
{[%clk 0:15:39]} d5 {[%clk 0:15:36]} 5. cxd5 {[%clk 0:15:46]} Nxd5
{[%clk 0:15:44]} 6. Bg2 {[%clk 0:15:52]} Nb6 {[%clk 0:15:53]} 7. d3
{[%clk 0:15:49]} Be7 {[%clk 0:16:01]} 8. a3 {[%clk 0:15:56]} Be6 {[%clk 0:16:04]}
9. b4 {[%clk 0:15:58]} a5 {[%clk 0:15:59]} 10. b5 {[%clk 0:16:01]} Nd4
{[%clk 0:16:07]} 11. Nxd4 {[%clk 0:15:40]} exd4 {[%clk 0:16:15]} 12. Ne4
{[%clk 0:15:48]} a4 {[%clk 0:15:40]} 13. O-O {[%clk 0:15:09]} O-O
{[%clk 0:13:12]} 14. Bb2 {[%clk 0:15:07]} Ra5 {[%clk 0:13:06]} 15. e3
{[%clk 0:13:55]} dxe3 {[%clk 0:13:05]} 16. fxe3 {[%clk 0:14:02]} Rxb5
{[%clk 0:13:06]} 17. Bd4 {[%clk 0:13:53]} c5 {[%clk 0:12:42]} 18. Bc3
{[%clk 0:13:57]} Rb3 {[%clk 0:09:55]} 19. Qc2 {[%clk 0:12:04]} Nd5
{[%clk 0:10:04]} 20. Bd2 {[%clk 0:12:09]} b6 {[%clk 0:09:39]} 21. Nc3
{[%clk 0:09:53]} Rxc3 {[%clk 0:08:07]} 22. Bxc3 {[%clk 0:09:59]} Nxe3
{[%clk 0:08:15]} 23. Qxa4 {[%clk 0:09:53]} Qxd3 {[%clk 0:07:07]} 24. Be1
{[%clk 0:09:11]} Nxg2 {[%clk 0:02:26]} 25. Kxg2 {[%clk 0:09:16]} Bh3+
{[%clk 0:02:28]} 0-1